000 00495ntaaa2200193 4500
003 01
005 20251027202626.0
008 0714s1973 ag 01
040 _aAR-BaBN
_bspa
_cAR-BaBN
_eaacr
_dRIC
082 _a371.0000 W63
100 _aWiersbe, Warren W
245 _aHow to study successfully
250 _a1 ed.
260 _aGrand Rapids :
_bZondervan Publishing House,
_cc1962
300 _a40 p
500 _aComo estudiar con éxito
650 _aestudio-aprendizaje
942 _cBK
999 _c21394
_d21394